Normal view
MARC view
Entry Personal Name
001 - CONTROL NUMBER
- control field: 459
003 - CONTROL NUMBER IDENTIFIER
- control field: BD-RjUL
005 - DATE AND TIME OF LATEST TRANSACTION
- control field: 20220102164418.0
008 - FIXED-LENGTH DATA ELEMENTS
- fixed length control field: 220102|| aca||aabn | a|a d
040 ## - CATALOGING SOURCE
- Original cataloging agency: BD-RjUL
- Transcribing agency: BD-RjUL
100 ## - HEADING--PERSONAL NAME
- Personal name: Cater, Douglass ;; كاتر ، دوغلاس
670 ## - SOURCE DATA FOUND
- Source citation: Work cat.: (BD-RjUL)79102: تشايلدز ، ماركيز و.;; Childs, Marquis W., approximately 1301-1373. 243941, البداية والنهاية Al-Bidāyah wa-al-nihāyah /, 1954